76.11 afiches : momentos que hicieron historia

Guardado en:
Formato: Libro
Publicado: Buenos Aires : Secretaría de Comunicación Pública, 2012
Materias:
Etiquetas: Agregar Etiqueta
Sin Etiquetas, Sea el primero en etiquetar este registro!
LEADER 00600nam a22001935a 4500
001 CEM.cems017819
005 20120802122203.0
008 130507s2012##################000#0#####d
003 CEMS
082 0 4 |a 323 
245 0 0 |a 76.11 afiches :  |b momentos que hicieron historia 
260 |a Buenos Aires :  |b Secretaría de Comunicación Pública,  |c 2012 
300 |a 49 p. 
500 |a Cuadernillo para el docente 
653 |a Historia 
653 |a Historia argentina-1976-2011 
653 |a Derechos humanos 
653 |a Derechos humanos-imágenes 
859 |a CEMS  |b BIB. CEMS - Agricultura  |h 323  |i Ar37-1  |p A1582.12  |t Ej.1